| 000 | 00566nam a22001937a 4500 | ||
|---|---|---|---|
| 005 | 20260224124620.0 | ||
| 008 | 260224b |||||||| |||| 00| 0 eng d | ||
| 020 | _a978-1-2920-1934-5 | ||
| 050 |
_aT 385 A54 2015 _b1 |
||
| 100 | _aENGEL, EDWARD | ||
| 245 | _aINTERACTIVE COMPUTER GRAPHICS | ||
| 250 | _aSEVENTH EDITION | ||
| 260 |
_aEDINBURGH GATE _bPEARSON EDUCATION LIMITED _c2015 |
||
| 300 | _aSAMPLING AND ALIASING,SUBJECT INDEX AND WEBGL INDEX | ||
| 500 | _a732P | ||
| 650 | _aINACTIVE COMPUTER GRAPHICS | ||
| 700 | _aANGEL ,EDWARD | ||
| 942 |
_2lcc _cBK |
||
| 999 |
_c216610 _d216610 |
||